000 01497nas a2200325 i 4500
001 162
003 ES-MaACL
005 20250902104010.0
008 950801d18731875sp sr | 1 |spa d
022 _a1131-107X
080 _a61
245 0 3 _aEl Anfiteatro anatómico español :
_bperiódico de medicina, cirugía y ciencias auxiliares /
_cdir., Pedro González de Velasco.
260 _aMadrid :
_bSociedad Anatómica Española,
_c1873-1875 (
_fImp. de D. Juan Aguado)
300 _a1 v. :
_bil. ;
_c37 cm.
310 _aQuincenal
362 0 _aAño 1, n. 1/2 (15-30 en. 1873)-año 3, n. 71 (31 dic. 1875)
530 _aDisponible en formato digital.
580 _aEn 1876 se funde con El Pabellón médico.
650 1 7 _aMedicina
_2embne
_914891
700 1 _aGonzález Velasco, Pedro,
_d1815-1882
_9127434
710 2 _aSociedad Anatómica Española
_96629
740 3 2 _aEl Anfiteatro anatómico español y el pabellón médico.
852 _aES-MaACL
_jZ-107
_xOlim: Hem-558
_xOlim: G-4617
856 _uhttps://reader.digitale-sammlungen.de/resolve/display/bsb10934263.html
_zBayerische Staatsbibliothek
_z(1873-1875)
856 _uhttps://reader.digitale-sammlungen.de/resolve/display/bsb11324988.html
_zBayerische Staatsbibliothek
_z(1876)
856 _uhttps://reader.digitale-sammlungen.de/resolve/display/bsb11349626.html
_zBayerische Staatsbibliothek
_z(1877)
866 0 _o1873-74. (n. 1-47)
942 _2udc
999 _c162
_d162